| 000 | 00000nam 2200000zi 4500 |
| 001 | 9.868404 |
| 003 | CaOODSP |
| 005 | 20221107162559 |
| 006 | m o d f |
| 007 | cr cn||||||||| |
| 008 | 190215t20192019qucb o f000 0 eng d |
| 020 | |a9780660296173 |
| 040 | |aCaOODSP|beng|erda|cCaOODSP |
| 043 | |an-cn-nt|an-cn-yk|an-cn--- |
| 086 | 1 |aR31-9/2018E-PDF |
| 110 | 2 |aGwich'in Comprehensive Land Claim Agreement. |bImplementation Committee, |eauthor. |
| 245 | 10|aConsolidated report of the Implementation Committee : |bGwich'in Comprehensive Land Claim Agreement, April 1, 2015-March 31, 2018. |
| 264 | 1|a[Gatineau, Quebec] : |b[Crown-Indigenous Relations and Northern Affairs Canada], |c[2019] |
| 264 | 4|c©2019 |
| 300 | |a1 online resource (20 pages) : |bcolour map |
| 336 | |atext|btxt|2rdacontent |
| 337 | |acomputer|bc|2rdamedia |
| 338 | |aonline resource|bcr|2rdacarrier |
| 500 | |aIssued also in French under title: Rapport consolidé du Comité mise en œuvre : Entente sur la revendication territoriale globale des Gwich'in, 1er avril 2015-31 mars 2018; and in Gwich'in under title: Gwich'in Guuveenjit Nitr'igwihèe'aa Eenjit Nadhàt kat dagweedi'ìn' diiyah gugwaandak gwi'dinehtł'èe': Gwich'in Nan Eenjit Łagwiinaadhan Tr'igwiłtsaii, April 1, 2015-March 31, 2018. |
| 500 | |a"QS-5395-200-EE-A1." |
| 630 | 00|aGwich'in Comprehensive Land Claim Agreement |d(1992 April 22) |
| 650 | 5|aFirst Nations|zNorthwest Territories|xClaims. |
| 650 | 5|aFirst Nations|zYukon|xClaims. |
| 650 | 5|aFirst Nations|xLand tenure|zNorthwest Territories. |
| 650 | 5|aFirst Nations|xLand tenure|zYukon. |
| 650 | 5|aFirst Nations|zNorthwest Territories|xGovernment relations. |
| 650 | 5|aFirst Nations|zYukon|xGovernment relations. |
| 650 | 5|aFirst Nations|zCanada|xGovernment relations. |
| 650 | 5|aFirst Nations|zNorthwest Territories|xTreaties. |
| 650 | 5|aFirst Nations|zYukon|xTreaties. |
| 650 | 5|aFirst Nations|zCanada|xTreaties. |
| 710 | 1 |aCanada. |bCrown-Indigenous Relations and Northern Affairs Canada, |eissuing body. |
| 775 | 08|tRapport consolidé du Comité mise en œuvre : |w(CaOODSP)9.868405 |
| 775 | 08|tGwich'in Guuveenjit Nitr'igwihèe'aa Eenjit Nadhàt kat dagweedi'ìn' diiyah gugwaandak gwi'dinehtł'èe' : |w(CaOODSP)9.871673 |
| 776 | 0#|tConsolidated report of the Implementation Committee Gwich'in Comprehensive Land Claim Agreement April 1, 2015-March 31, 2018.|w(CaOODSP)9.868407 |
| 795 | |tConsolidated report of the Implementation Committee Gwich'in Comprehensive Land Claim Agreement 2009/10-2014/15 |w(CaOODSP)9.863845 |
| 856 | 40|qPDF|s1.45 MB|uhttps://publications.gc.ca/collections/collection_2021/rcaanc-cirnac/R31-9-2018-eng.pdf |